| 000 | 01189cam a22003011i 4500 | ||
|---|---|---|---|
| 003 | SA-RiAUC | ||
| 005 | 20250305204731.0 | ||
| 008 | 250305s2000 le g 00010bara c | ||
| 040 |
_aSA-JeOIC _bara _cSA-RiAUC. _erda |
||
| 041 | 1 |
_aara _hund |
|
| 082 | 0 | 4 |
_a922.113 _qSA-RiAUC |
| 090 |
_a922.113 _bهـ ا ل |
||
| 100 | 1 |
_aهالي، أليكس، _d1921-1992 _eمؤلف. |
|
| 245 | 1 | 0 |
_aملكوم إكس : _bMalcolm X : سيرة ذاتية / _cأليكس هالي ؛ ترجمة ليلى أبو زيد. |
| 246 | 3 | 0 | _aMalcolm X |
| 250 | _aالطبعة الثانية. | ||
| 264 | 1 |
_aبيروت : _bبيسان للنشر والتوزيع، _c2000 |
|
| 300 |
_a362 صفحة ؛ _c24 سم |
||
| 336 |
_aنص _btxt _2rdacontent _3كتاب |
||
| 337 |
_aبدون وسيط _bn _2rdamedia |
||
| 338 |
_aمجلد _bnc _2rdacarrier |
||
| 600 | 1 | 7 |
_aإكس، مالكوم، _d1925-1965 _2aucnm |
| 650 | 7 |
_aالدعاة الأمريكان _vتراجم _2aucsh |
|
| 650 | 7 |
_aالمسلمون _zالولايات المتحدة الأمريكية _vتراجم _2aucsh |
|
| 700 | 1 |
_aأبو زيد، ليلى، _d1950- _eمترجم. |
|
| 942 |
_2ddc _cBOOK _n0 |
||
| 949 |
_aSA-JeALM _d250305 _umohamedma123 _n1 |
||
| 999 |
_c6290 _d6290 |
||